Responses for Show #3778 - Wednesday, January 24, 2001

Contestants

[<< previous game]

Tricia Wilson, a graduate student originally from Jamaica, West Indies

Jim Britton, an agricultural researcher from Butte, Montana

Mike Emerman, a campaign administrator from Boston, Massachusetts (whose 2-day cash winnings total $14,402)

[next game >>]

Jeopardy! Round responses

HISTORY OF THE WORLD PART 4
A LOAD OF BULL
U.S. CITIES
TITLE FILM ROLES
(Alex: In which you are expected to name the actor.)
ENERGY
"TT"s ME
    $100 2
Sputnik

Mike
    $100 12
Sitting Bull

Jim
    $100 5
Boston

Mike
    $100 1
Diane Keaton

Tricia
    $100 21
Horses

Mike
    $100 26
Flattery

Mike
    $200 3
Panama

Jim
    $200 13
Bull Run

Mike
    $200 6
Las Vegas

Mike
    $200 14
Michael Keaton

Jim
    $200 22
Sun

Jim
    $200 27
Tom Petty

Mike
    $300 4
Napoleon Bonaparte

Triple Stumper
    $300 15
(T: Who was Theodore Roosevelt?)

Woodrow Wilson

MikeTricia
    $300 7
Galveston

Jim
    $300 16
John Candy

Mike
    $300 23
Starch

Jim
    $300 28
Attache

Mike
    $400 10
Chicago

Tricia
    $400 19
Pamplona

Mike
    $400 8
Charlotte

Jim
    $400 17
Hugh Grant

Jim
    $700 24
Electricity

Jim
    $400 29
Wattle

Jim
    $500 11
Henry VIII

Tricia
    $500 20
Bullfinch

Jim
    $500 9
Knoxville

Mike
    $500 18
(T: Who was Marilyn Monroe?)

Jane Fonda

Tricia
Triple Stumper
    $500 25
Spring

Jim
    $500 30
Libretto

Jim

Scores at the first commercial break (after clue 18):

Mike Jim Tricia
$1,700 $1,600 $200

Scores at the end of the Jeopardy! Round:

Mike Jim Tricia
$2,800 $4,700 $200

Double Jeopardy! Round responses

LITERARY ISLANDS
CHEMICAL ELEMENTS GO POSTAL
I MARRIED A PRESIDENT
FOREIGN WORDS & PHRASES
SINGERS
"V.H." ONE
    $200 30
Huckleberry Finn

Jim
    $200 5
Colorado (CO)

Mike
    $200 23
Abraham Lincoln

Mike
    $200 1
the fan belt

Tricia
    $200 13
Frank Sinatra

Jim
    $200 18
Valerie Harper

Tricia
    $400 7
Treasure Island

Tricia
    $400 6
South Carolina (SC)

Tricia
    $400 24
Harry Truman

Mike
    $400 2
grapes

Jim
    $400 14
(Tricia: Who is Ringo Starr?)

George Harrison

MikeTricia
    $400 20
Vaclav Havel

Mike
    $600 8
The Naked and the Dead

Triple Stumper
    $600 10
Neon (NE/Nebraska)

Triple Stumper
    $600 25
(T: Who was Wilson?)
(less than a minute to go...)

Theodore Roosevelt

Tricia
Triple Stumper
    $600 3
Dasvidanya

Jim
    $600 15
Spanky

Triple Stumper
    $2,000 21
Victor Hugo

Mike
    $800 28
"The Gold Bug"

Triple Stumper
    $1,000 11
Calcium (CA/California)

Jim
    $800 26
John Adams

Tricia
    $800 4
(Jim: What is length of day/daylight?)
(Tricia: What is night?)

good day

JimTricia
Triple Stumper
    $800 16
Amy Grant

Triple Stumper
    $800 19
Vladimir Horowitz

Jim
    $1000 27
The Island of Dr. Moreau

Jim
    $1000 12
(T: What is New Mexico?)

North Dakota (ND)

Tricia
Triple Stumper
    $1000 29
Rutherford B. Hayes

Triple Stumper
    $1000 9
pizzicato

Jim
    $1000 17
Jennifer Holliday

Triple Stumper
    $1000 22
Van Helsing

Jim

Scores at the end of the Double Jeopardy! Round:

Mike Jim Tricia
$6,400 $10,100 -$600

[wagering suggestions for these scores]

Final Jeopardy! Round responses

JOURNALISTS
MikeWho was Hemmingway?
$6,400
JimWho is Siskel
$2,800
Gene Siskel

Final scores:

Mike Jim Tricia
$0 $12,900 -$600
2nd place: Trip to Hilton Head Island, South Carolina courtesy of Yahoo! Travel New champion: $12,900 3rd place: Skagen Denmark Gift Certificate

Game dynamics:

Coryat scores:

Mike Jim Tricia
$5,000 $9,600 -$600
18 R
(including 1 DD),
0 W
22 R
(including 2 DDs),
1 W
8 R,
6 W

Combined Coryat: $14,000

[game clues] [game scores] [suggest correction]

Game tape date: 2000-11-08
The J! Archive is created by fans, for fans. Scraping, republication, monetization, and malicious use prohibited; this site may use cookies and collect identifying information. See terms. The Jeopardy! game show and all elements thereof, including but not limited to copyright and trademark thereto, are the property of Jeopardy Productions, Inc. and are protected under law. This website is not affiliated with, sponsored by, or operated by Jeopardy Productions, Inc. Join the discussion at JBoard.tv.